000 00215nam a2200121Ia 4500
100 _a#N/A
650 _aComputer/ IT
942 _cBK
654 _acentos
245 _aCentos
260 _b#N/A
546 _aENGLISH
999 _c25639
_d25639